Elon Musk : how the billionaire CEO of SpaceX and Tesla is shaping our future (Record no. 57043)
[ view plain ]
| 000 -LEADER | |
|---|---|
| fixed length control field | 00808nam a2200253Ia 4500 |
| 005 - DATE AND TIME OF LATEST TRANSACTION | |
| control field | 20260605162504.0 |
| 008 - FIXED-LENGTH DATA ELEMENTS--GENERAL INFORMATION | |
| fixed length control field | 260603s9999||||xx |||||||||||||| ||und|| |
| 020 ## - INTERNATIONAL STANDARD BOOK NUMBER | |
| International Standard Book Number | 9780753555644 |
| 020 ## - INTERNATIONAL STANDARD BOOK NUMBER | |
| Qualifying information | pbk |
| 082 ## - DEWEY DECIMAL CLASSIFICATION NUMBER | |
| Classification number | 926 |
| Item number | VAN |
| 100 ## - MAIN ENTRY--PERSONAL NAME | |
| Personal name | Vance, Ashlee |
| 245 #0 - TITLE STATEMENT | |
| Title | Elon Musk : how the billionaire CEO of SpaceX and Tesla is shaping our future |
| 260 ## - PUBLICATION, DISTRIBUTION, ETC. | |
| Place of publication, distribution, etc. | London |
| Name of publisher, distributor, etc. | Virgin Books, part of Penguin Random House Group |
| Date of publication, distribution, etc. | 2016 |
| 300 ## - PHYSICAL DESCRIPTION | |
| Extent | 402p. ; 21cm. |
| 653 ## - INDEX TERM--UNCONTROLLED | |
| Uncontrolled term | Businesspeople--South Africa--Biography |
| 653 ## - INDEX TERM--UNCONTROLLED | |
| Uncontrolled term | Businesspeople--United States--Biography |
| 653 ## - INDEX TERM--UNCONTROLLED | |
| Uncontrolled term | Inventors--Biography |
| 653 ## - INDEX TERM--UNCONTROLLED | |
| Uncontrolled term | PayPal (Firm) |
| 653 ## - INDEX TERM--UNCONTROLLED | |
| Uncontrolled term | Person in technology |
| 653 ## - INDEX TERM--UNCONTROLLED | |
| Uncontrolled term | SpaceX (Firm) |
| 653 ## - INDEX TERM--UNCONTROLLED | |
| Uncontrolled term | Technological innovations--Economic aspects |
| 653 ## - INDEX TERM--UNCONTROLLED | |
| Uncontrolled term | Tesla Motors |
| 942 ## - ADDED ENTRY ELEMENTS (KOHA) | |
| Koha item type | Book |
| Source of classification or shelving scheme | Dewey Decimal Classification |
| Withdrawn status | Lost status | Damaged status | Not for loan | Home library | Current library | Shelving location | Date acquired | Source of acquisition | Total Checkouts | Full call number | Barcode | Checked out | Date last seen | Date last checked out | Price effective from | Koha item type |
|---|---|---|---|---|---|---|---|---|---|---|---|---|---|---|---|---|
| LRC, IIT Indore | LRC, IIT Indore | 2nd Floor - General Stack | 03/06/2026 | Gratis Book Price: GBP 12.99 | 1 | 926 VAN | G2816 | 20/07/2026 | 20/06/2026 | 20/06/2026 | 03/06/2026 | Book |
